| 000 | 00975cac a2200265 a 4500 | ||
|---|---|---|---|
| 003 | Co-PeBPM | ||
| 005 | 20241030153940.0 | ||
| 008 | 231129s995 ||||ck o||||||||||||| ||spa|| | ||
| 020 | _a9586144526 | ||
| 040 |
_aCo-PeBPM _bspa _cCo-PeBPM _erda |
||
| 041 | _aspa | ||
| 082 |
_a796.334 A663p _222 |
||
| 100 | 1 | 0 |
_aAraujo Vélez, Fernando _eautor |
| 245 | 0 |
_aPena máxima _b: Juicio al fútbol colombiano _c/ Fernando Araújo Vélez |
|
| 250 | _aPrimera edición | ||
| 260 |
_aBogotá, Colombia _b: Planeta, _c1995 |
||
| 300 |
_a226 páginas _bilustraciones, fotografías en blanco y negro _c21 centímetros |
||
| 490 | _aColección Primera Plana | ||
| 500 | _aIncluye índice | ||
| 500 | _aContiene datos biográficos del autor en la solapa del texto | ||
| 650 | 1 | 4 |
_aFútbol - Historia _zColombia |
| 650 | 1 | 4 |
_aFutbolistas colombianos _2LEMB |
| 942 |
_2ddc _cBK |
||
| 999 |
_c22554 _d22554 |
||